Rosco de Pasapalabra #20 - Estadísticas

Estadísticas generales
  • Esta prueba ha sido intentada 703 veces
  • La puntuación promedio es 13 de 25
Estadísticas de respuestas
Inicial Definición Respuesta % Correcto
A Octavo mes del año Agosto
100%
F Perteneciente o relativo a la mujer Femenino
93%
G Fuerza que hace caer los cuerpos en dirección al centro de la Tierra Gravedad
93%
C Pieza rectangular de un material blando que se coloca sobre la armazón de la cama para tumbarse en ella Colchoneta
84%
J Superior o cabeza de una corporación, partido u oficio Jefe
84%
S País europeo con capital en Estocolmo Suecia
82%
Contiene la Ñ Conducto formado de caños por donde se distribuyen las aguas o el gas Cañería
80%
R Satisfacción a una pregunta, duda o dificultad Respuesta
78%
P Página situada al principio de los libros impresos, en que figuran el título y el nombre del autor Portada
71%
B Manifestar, al ir a beber vino, licor u otra bebida alcohólica, el bien que se desea a alguien Brindar
65%
I Emblema distintivo de una institución que se usa prendido en la ropa como muestra de vinculación o simpatía Insignia
61%
U Se dice de la persona que se apodera de una propiedad o de un derecho que legítimamente pertenece a otro Usurpador
59%
V Manto que llevan las monjas colocado por encima de las tocas Velo
59%
T Ocupar una fortaleza o ciudad Tomar
48%
L En informática, conjunto de signos y reglas que permiten la comunicación con un ordenador Lenguaje
47%
H Instrumento, por lo común de hierro o acero, que sirve para realizar diferentes trabajos manuales Herramienta
46%
Z Cueva o guarida de zorros Zorrera
46%
Contiene la Y Voz inglesa que designa la reproducción durante una actuación musical del sonido grabado previamente Playback
29%
N Dolor continuo a lo largo de un nervio y de sus ramificaciones Neuralgia
16%
E Voluntario o producido por propio impulso Espontáneo
15%
O Instrumento para explorar el oído Otoscopio
15%
Contiene la Q Bacteria, frecuentemente patógena, que se caracteriza por tener el cuerpo arrollado en forma de hélice Espiroqueta
5%
Contiene la X Apellido del arquitecto que diseñó Crystal Palace para la Exposición Universal de Londres de 1851 Paxton
2%
D Aparato que se colocaba en el teclado de los pianos para dar agilidad y seguridad a los dedos del principiante Dactilión
1%
M Título de la película de 1951, dirigida por Carmine Gallone y protagonizada por María Félix Mesalina
1%
No se encontraron pruebas coincidentes
Distribución de puntuación
Porcentaje de gente con cada puntuación
Porcentaje por número respondido
Historial de tus puntuaciones
No has intentado esta prueba.